They shall be chastised / (Record no. 24807)
[ view plain ]
| 000 -LEADER | |
|---|---|
| fixed length control field | 00470nam a22001691a 4500 |
| 003 - CONTROL NUMBER IDENTIFIER | |
| control field | NEGST |
| 005 - DATE AND TIME OF LATEST TRANSACTION | |
| control field | 20170718020003.0 |
| 008 - FIXED-LENGTH DATA ELEMENTS--GENERAL INFORMATION | |
| fixed length control field | 030611s1974 001 0 eng d |
| 100 1# - MAIN ENTRY--PERSONAL NAME | |
| Personal name | Likimani, Muthoni Gachanja. |
| 245 10 - TITLE STATEMENT | |
| Title | They shall be chastised / |
| Statement of responsibility, etc | Muthoni Gachanja Likimani. |
| 260 ## - PUBLICATION, DISTRIBUTION, ETC. (IMPRINT) | |
| Place of publication, distribution, etc | Nairobi : |
| Name of publisher, distributor, etc | East African Literature Bureau, |
| Date of publication, distribution, etc | 1974. |
| 300 ## - PHYSICAL DESCRIPTION | |
| Extent | 233p. |
| 590 ## - LOCAL NOTE (RLIN) | |
| Local note | Accession number: 17874 |
| 650 #0 - SUBJECT ADDED ENTRY--TOPICAL TERM | |
| Topical term or geographic name as entry element | Missions |
| General subdivision | Kenya. |
| 942 00 - ADDED ENTRY ELEMENTS (KOHA) | |
| Koha issues (borrowed), all copies | 2 |
| Withdrawn status | Lost status | Source of classification or shelving scheme | Damaged status | Not for loan | Collection code | Home library | Current library | Shelving location | Date acquired | Source of acquisition | Cost, normal purchase price | Total Checkouts | Full call number | Barcode | Date last seen | Date checked out | Copy number | Price effective from | Koha item type |
|---|---|---|---|---|---|---|---|---|---|---|---|---|---|---|---|---|---|---|---|
| Library of Congress Classification | Fiction | AIU/NEGST - Tony Wilmot Memorial Library | AIU/NEGST - Tony Wilmot Memorial Library | Fiction | 01/25/2010 | Purchase | 7.00 | 3 | FIC BV 3625.K4L54 1974 | R17678W3232 | 09/29/2019 | 08/22/2017 | 1 | 01/25/2010 | Books | ||||
| Library of Congress Classification | Fiction | AIU/NEGST - Tony Wilmot Memorial Library | AIU/NEGST - Tony Wilmot Memorial Library | Fiction | 01/25/2010 | Donation | 7.00 | FIC BV 3625.K4L54 1974 | R17599Y3232 | 09/29/2019 | 2 | 01/25/2010 | Books | ||||||
| Library of Congress Classification | General Circulation | AIU/NEGST - Tony Wilmot Memorial Library | AIU/NEGST - Tony Wilmot Memorial Library | General Stacks | 02/01/2012 | BV 3625 .K4L54 1974 | R01887L3232 | 09/26/2019 | 2 | 02/01/2012 | Books |
